| 000 | 00733nam a22002297a 4500 | ||
|---|---|---|---|
| 005 | 20180713114017.0 | ||
| 010 | _aENG-123461 | ||
| 020 |
_c1595.00 _a9789386515049 |
||
| 035 | _aEN-106993 | ||
| 037 | _bDBAD/PUB. | ||
| 082 | _a342.54 | ||
| 100 | _aJain, M.P. | ||
| 245 |
_aIndian constitutional law / _cby Jain, M.P.; Jasti Chelameswar [and] Dama Seshadri Naidu |
||
| 250 | _a18th edn. | ||
| 260 |
_aGurgaon _bLexis Nexis _c2018 |
||
| 270 |
_a14th floor, Building No-10, Tower-B, DLF Cyber City, Phase-11 _bGurgaon _e122002 |
||
| 300 |
_acclv,2059p. _c24cm(pbk) |
||
| 500 | _aIt includes subject index | ||
| 700 | _aJasti Chelameswar | ||
| 700 | _a Naidu, Dama Seshadri | ||
| 942 |
_2ddc _cEN _mJAI _h342.54 |
||
| 999 |
_c153947 _d153947 |
||